Ribsy goes to school / (Record no. 9511)

MARC details
000 -LEADER
fixed length control field 00592nam a22001937a 4500
001 - CONTROL NUMBER
control field 9511
003 - CONTROL NUMBER IDENTIFIER
control field FISKH
005 - DATE AND TIME OF LATEST TRANSACTION
control field 20260116112738.0
008 - FIXED-LENGTH DATA ELEMENTS--GENERAL INFORMATION
fixed length control field 260116b cb ||||| |||| 00| 0 eng d
040 ## - CATALOGING SOURCE
Original cataloging agency FISKH
Language of cataloging eng
Transcribing agency FISKH
Modifying agency FISKH
050 ## - LIBRARY OF CONGRESS CALL NUMBER
Classification number PZ7.C5792 Ri
100 ## - MAIN ENTRY--PERSONAL NAME
Personal name Cleary , Berverly
245 ## - TITLE STATEMENT
Title Ribsy goes to school /
Statement of responsibility, etc. by Beverley Cleary : Illustrated by Lee J . Ames
260 ## - PUBLICATION, DISTRIBUTION, ETC.
Place of publication, distribution, etc. Chicago :
Name of publisher, distributor, etc. Science Research Associates , INC ,
Date of publication, distribution, etc. 1964 .
300 ## - PHYSICAL DESCRIPTION
Extent 32 pages :
Other physical details color illustrations ;
Dimensions 20 cm .
700 ## - ADDED ENTRY--PERSONAL NAME
Personal name Ames, Lee J.
Relator term Illustrator
942 ## - ADDED ENTRY ELEMENTS (KOHA)
Source of classification or shelving scheme Dewey Decimal Classification
Koha item type Books
Suppress in OPAC No
Holdings
Withdrawn status Lost status Source of classification or shelving scheme Damaged status Not for loan Collection Home library Current library Shelving location Date acquired Total Checkouts Full call number Barcode Date last seen Price effective from Koha item type
    Dewey Decimal Classification     Fiction Footprints International School Library Network Toul Tom Poung Campus Footprints International School Library Network Toul Tom Poung Campus TTP Secondary Fiction Bookshelves 01/16/2026   CLE PZ7.C5792 Ri 2026-0055 01/16/2026 01/16/2026 Books